000 00549nam a2200181Ia 4500
008 090124s9999 xx 000 0 und d
082 _b30678
100 _aपठाण यू. म.
245 _a मराठवाडी माणसं
250 _a1
260 _bअनुपम प्रकाशन
_c1992
300 _a122
600 _aपठाण यू. म.
630 _a मराठवाडी माणसं
700 _aपठाण यू. म.
730 _a मराठवाडी माणसं
942 _cBOOK
999 _c96060
_d96060